[Event "ARG SUD III Sub 20 Boys"]
[Site "Matheu, Buenos Aires"]
[Date "2007.??.??"]
[Round "?"]
[White "Borda, Alan"]
[Black "Mayorga, Nicolas"]
[Result "0-1"]
[WhiteElo "2044"]
[BlackElo "2231"]
[PlyCount "186"]
[EventDate "2007.02.07"]

1. e4 c5 2. c3 g6 3. g3 Bg7 4. Bg2 Nc6 5. Ne2 e5 6. O-O Nge7 7. d3 O-O 8. f4 d6
9. Na3 Rb8 10. Nc4 b5 11. Ne3 exf4 12. Nxf4 b4 13. Nfd5 Nxd5 14. Nxd5 bxc3 15.
bxc3 Be6 16. Bd2 Ne5 17. Qc2 Bxd5 18. exd5 Qa5 19. Rab1 Qa6 20. Bf4 Rfe8 21.
Bxe5 Bxe5 22. Kh1 Qa5 23. c4 Rxb1 24. Qxb1 Qc7 25. Qc2 Bd4 26. Qd2 Rb8 27. Rc1
Qe7 28. Rd1 Qf6 29. Qe2 Be5 30. Qf3 Qg5 31. Qf1 h5 32. Rb1 Rxb1 33. Qxb1 h4 34.
gxh4 Qxh4 35. h3 Qg3 36. Qg1 Qxd3 37. Bf1 Qf3+ 38. Qg2 Qf4 39. Be2 Kg7 40. Bf1
Bd4 41. Be2 Qe3 42. Bf1 Be5 43. Be2 Bd4 44. Bf1 a5 45. Be2 Qf4 46. Qf3 Qc1+ 47.
Bf1 Qd2 48. Qg2 Qe3 49. Be2 a4 50. Bf1 Be5 51. Be2 Qf4 52. Bf1 a3 53. Be2 Kf8
54. Kg1 Bd4+ 55. Kh1 Kg7 56. Qf3 Qc1+ 57. Bf1 Qg5 58. Qg2 Qe3 59. Be2 f5 60.
Bf1 Kf6 61. Be2 g5 62. Bf1 Be5 63. Be2 Qc1+ 64. Bf1 Qb2 65. Qe2 Qc1 66. Qg2 Qf4
67. Be2 Ke7 68. Bf1 Kd8 69. Be2 Kc7 70. Kg1 Bd4+ 71. Kh1 Qe3 72. Bf1 Kb6 73.
Be2 Ka5 74. Qf1 Ka4 75. Qg2 Qc1+ 76. Bf1 Ka5 77. Qf3 g4 78. Qxf5 g3 79. Qf3 Be5
80. Kg2 Qb2+ 81. Qe2 Kb4 82. h4 Kc3 83. Kf3 Qxe2+ 84. Kxe2 Kxc4 85. Bg2 Kc3 86.
Ke3 Kb2 87. Kd3 Bf4 88. Bf1 Kc1 89. Ke4 Be5 90. Kf3 Kb2 91. Bc4 Kc3 92. Bf1 Kd4
93. Kg4 Kxd5 0-1

[Event "ARG SUD III Sub 20 Boys"]
[Site "Matheu, Buenos Aires"]
[Date "2007.??.??"]
[Round "?"]
[White "Borda, Alan"]
[Black "Perez Ponsa, Federico"]
[Result "1/2-1/2"]
[WhiteElo "2044"]
[BlackElo "2183"]
[PlyCount "81"]
[EventDate "2007.02.07"]

1. d4 Nf6 2. Bg5 Ne4 3. Bh4 c5 4. f3 Qa5+ 5. c3 g5 6. fxe4 gxh4 7. Nf3 cxd4 8.
Nxd4 Nc6 9. Nd2 Nxd4 10. cxd4 Qb4 11. e3 Bh6 12. Qf3 Qxb2 13. Rb1 Qc3 14. Rb3
Qc1+ 15. Qd1 Qxd1+ 16. Kxd1 b6 17. Bc4 Bb7 18. Ke2 Rg8 19. Rg1 e6 20. Bd3 Ke7
21. Nf3 Rg4 22. Ne5 Rg7 23. Nf3 Rg4 24. Ne5 Rgg8 25. Nf3 Bg5 26. Rbb1 h6 27.
Rbf1 Rac8 28. Rc1 Bf6 29. Rxc8 Rxc8 30. Kd2 Rg8 31. Ke2 Rg4 32. Nd2 h5 33. Kf2
Rg8 34. Rc1 Rc8 35. Rxc8 Bxc8 36. Be2 d6 37. Bxh5 b5 38. Be2 a6 39. Nb3 Kd7 40.
Bh5 Ke7 41. Ke2 1/2-1/2

[Event "ARG SUD III Sub 20 Boys"]
[Site "Matheu, Buenos Aires"]
[Date "2007.??.??"]
[Round "?"]
[White "Borda, Alan"]
[Black "Pizzocaro Gomez, Gustavo"]
[Result "1/2-1/2"]
[WhiteElo "2044"]
[BlackElo "2044"]
[PlyCount "98"]
[EventDate "2007.02.07"]

1. e4 e5 2. Nf3 Nc6 3. Bc4 Bc5 4. c3 Nf6 5. d4 exd4 6. cxd4 Bb4+ 7. Nc3 Nxe4 8.
O-O Bxc3 9. d5 Bf6 10. Re1 Ne7 11. Rxe4 d6 12. Bg5 Bxg5 13. Nxg5 h6 14. Qe2
hxg5 15. Re1 Be6 16. dxe6 f6 17. Rd4 c6 18. Rc1 d5 19. Bb3 Qd6 20. g3 Rh6 21.
Ra4 a6 22. Bc2 g6 23. Ra3 Kf8 24. Rf3 Kg7 25. Qd2 Rah8 26. Re1 d4 27. Rb3 b5
28. Be4 Rxh2 29. Bg2 c5 30. Qa5 g4 31. Ra3 d3 32. Rf1 b4 33. Rb3 d2 34. Rd1 Nf5
35. a3 Nd4 36. Rd3 Nf3+ 37. Rxf3 Rxg2+ 38. Kxg2 Qc6 39. Kg1 g5 40. Rxd2 Qxf3
41. Qc7+ Kh6 42. Rd7 Qe4 43. Qb7 Qxb7 44. Rxb7 bxa3 45. bxa3 c4 46. Rc7 Re8 47.
e7 Kg6 48. Rxc4 Rxe7 49. Rxg4 Re5 1/2-1/2

[Event "ARG SUD III Sub 20 Boys"]
[Site "Matheu, Buenos Aires"]
[Date "2007.??.??"]
[Round "?"]
[White "Cordova, Emilio"]
[Black "Di Berardino, Diego"]
[Result "1/2-1/2"]
[WhiteElo "2477"]
[BlackElo "2416"]
[PlyCount "108"]
[EventDate "2007.02.07"]

1. d4 Nf6 2. Bg5 e6 3. e4 h6 4. Bxf6 Qxf6 5. Nc3 Bb4 6. Qd2 d5 7. e5 Qd8 8. Nf3
c5 9. a3 Qa5 10. Rb1 Bxc3 11. Qxc3 Qxc3+ 12. bxc3 c4 13. h4 Nc6 14. Kd2 Rb8 15.
g3 Bd7 16. Bh3 Ke7 17. h5 b5 18. Nh4 a5 19. f4 b4 20. f5 bxc3+ 21. Kxc3 Rxb1
22. Rxb1 Rb8 23. Rxb8 Nxb8 24. fxe6 fxe6 25. Ng6+ Kf7 26. Nf4 Ke7 27. Kb2 Nc6
28. Ne2 Nd8 29. Bg2 Be8 30. Nf4 Bc6 31. Bh1 Nf7 32. Ng2 Kd7 33. Ne3 Ng5 34. Bg2
Kc7 35. Kc3 Kd7 36. Kd2 Kc7 37. g4 Kd7 38. Nf1 Ke7 39. Ng3 Kd7 40. c3 Ke7 41.
Ne2 Kd7 42. Nf4 Ke7 43. Ke3 Kf7 44. Bf3 Ke7 45. Bd1 Kd7 46. Bc2 Ke7 47. Ng2 Kd7
48. Kf4 Ke7 49. Ne3 Kd7 50. Nd1 Bb5 51. Nb2 Kc7 52. Bb1 Kd7 53. Bg6 Ke7 54. Bc2
Kd7 1/2-1/2

[Event "ARG SUD III Sub 20 Boys"]
[Site "Matheu, Buenos Aires"]
[Date "2007.??.??"]
[Round "?"]
[White "Cordova, Emilio"]
[Black "Diamant, André"]
[Result "1/2-1/2"]
[WhiteElo "2477"]
[BlackElo "2426"]
[PlyCount "126"]
[EventDate "2007.02.07"]

1. d4 d5 2. Nf3 Nc6 3. c4 Bg4 4. cxd5 Bxf3 5. gxf3 Qxd5 6. e3 e5 7. Nc3 Bb4 8.
a3 Bxc3+ 9. bxc3 Nf6 10. Rb1 exd4 11. cxd4 O-O 12. Rb5 Qd6 13. Bg2 Nd5 14. Bd2
Nxd4 15. Rxd5 Qxd5 16. exd4 Qxd4 17. Qb3 Rfe8+ 18. Be3 Qb6 19. Qxb6 axb6 20.
O-O Rxa3 21. Rc1 c5 22. Bf1 Raxe3 23. fxe3 Rxe3 24. Kf2 Re6 25. Rd1 g6 26. Rd7
Kg7 27. Rxb7 Rf6 28. Bc4 Kg8 29. Ke3 Kf8 30. f4 Kg8 31. h4 Kg7 32. Ke4 Kg8 33.
Kf3 Kf8 34. Kg4 Kg7 35. Bb3 h6 36. Kf3 g5 37. hxg5 hxg5 38. f5 Rxf5+ 39. Kg4
Rf6 40. Kxg5 Rg6+ 41. Kf5 Rf6+ 42. Ke5 Kg6 43. Bd5 Kg7 44. Rb8 Rh6 45. Rb7 Rf6
46. Bc4 Kg6 47. Kd5 Kg5 48. Bb5 Rf5+ 49. Kd6 Rf6+ 50. Ke7 Kf5 51. Bc4 Ke5 52.
Rd7 Rc6 53. Rd5+ Kf4 54. Rd1 Ke3 55. Kxf7 Rh6 56. Ke7 Rh2 57. Rd3+ Ke4 58. Rb3
Kd4 59. Be6 c4 60. Rxb6 c3 61. Rc6 Re2 62. Kd6 Rxe6+ 63. Kxe6 Kd3 1/2-1/2

[Event "ARG SUD III Sub 20 Boys"]
[Site "Matheu, Buenos Aires"]
[Date "2007.??.??"]
[Round "?"]
[White "Cordova, Emilio"]
[Black "Kavalyov, Anton"]
[Result "0-1"]
[WhiteElo "2477"]
[BlackElo "2475"]
[PlyCount "70"]
[EventDate "2007.02.07"]

1. d4 d5 2. Nf3 Nf6 3. c4 c6 4. Nc3 dxc4 5. a4 Bf5 6. e3 e6 7. Bxc4 Bb4 8. O-O
Nbd7 9. Qe2 Bg6 10. e4 O-O 11. Bd3 Bh5 12. e5 Nd5 13. Nxd5 cxd5 14. Qe3 Re8 15.
Ng5 Bg6 16. f4 Bxd3 17. Qxd3 f5 18. g4 h6 19. gxf5 hxg5 20. f6 g4 21. Qg6 Nxf6
22. f5 Qb6 23. exf6 Qxd4+ 24. Kg2 Qxf6 25. Qxg4 Bd6 26. Bg5 exf5 27. Rxf5 Qxb2+
28. Rf2 Qe5 29. Rh1 Qe4+ 30. Qxe4 Rxe4 31. h3 Rxa4 32. Rf5 Ra2+ 33. Kf3 Rf8 34.
Rxf8+ Bxf8 35. Rd1 Ra5 0-1

[Event "ARG SUD III Sub 20 Boys"]
[Site "Matheu, Buenos Aires"]
[Date "2007.??.??"]
[Round "?"]
[White "Cordova, Emilio"]
[Black "Mekhitarian, Krikor"]
[Result "1-0"]
[WhiteElo "2477"]
[BlackElo "2416"]
[PlyCount "77"]
[EventDate "2007.02.07"]

1. d4 d5 2. Nf3 Nf6 3. c4 c6 4. Nc3 dxc4 5. a4 Bf5 6. e3 e6 7. Bxc4 Bb4 8. O-O
O-O 9. Qe2 Bg6 10. Ne5 Nbd7 11. Nxg6 hxg6 12. f4 c5 13. Na2 a5 14. Nxb4 cxb4
15. e4 Nb6 16. Bd3 Nc8 17. Be3 Ne7 18. Rad1 Qd7 19. d5 exd5 20. e5 Ng4 21. Bc5
Nh6 22. g4 Rfe8 23. h3 Kh8 24. Bb5 Nc6 25. Qg2 Qc7 26. Rxd5 Ne7 27. Bd6 Qb6+
28. Rc5 Nc6 29. Kh1 Rac8 30. f5 Red8 31. Bxc6 Rxc6 32. Rxc6 Qxc6 33. Qxc6 bxc6
34. fxg6 fxg6 35. e6 Ng8 36. e7 Nxe7 37. Bxe7 Rd2 38. Rb1 Kg8 39. Bc5 1-0

[Event "ARG SUD III Sub 20 Boys"]
[Site "Matheu, Buenos Aires"]
[Date "2007.??.??"]
[Round "?"]
[White "Cordova, Emilio"]
[Black "Needleman, Gaston"]
[Result "1-0"]
[WhiteElo "2477"]
[BlackElo "2437"]
[PlyCount "87"]
[EventDate "2007.02.07"]

1. d4 Nf6 2. Nf3 c5 3. d5 e6 4. Nc3 exd5 5. Nxd5 Nxd5 6. Qxd5 Nc6 7. c3 d6 8.
Ng5 Qf6 9. Qe4+ Qe7 10. Bf4 h6 11. Bxd6 Qxe4 12. Nxe4 b6 13. Bxf8 Kxf8 14. g3
Ke7 15. Bg2 Bd7 16. Nd2 Rad8 17. Nc4 Be6 18. Nxb6 axb6 19. Bxc6 Rd6 20. Bf3
Rhd8 21. O-O Rd2 22. b3 Rc2 23. Rfc1 Rb2 24. Rcb1 Rc2 25. c4 Rdd2 26. a4 g5 27.
Be4 Rb2 28. Bd3 f5 29. Kf1 f4 30. Rxb2 Rxb2 31. Rb1 Ra2 32. gxf4 gxf4 33. Kg2
Bg4 34. f3 Be6 35. Kf2 Kf6 36. Rg1 Rb2 37. Ra1 Rxb3 38. a5 bxa5 39. Rxa5 Rc3
40. Rxc5 Rc1 41. Rh5 Kg7 42. c5 Bc4 43. Bxc4 Rxc4 44. Re5 1-0

[Event "ARG SUD III Sub 20 Boys"]
[Site "Matheu, Buenos Aires"]
[Date "2007.??.??"]
[Round "?"]
[White "Cori Tello, Deysi"]
[Black "Lovece, Ruth"]
[Result "1-0"]
[WhiteElo "2125"]
[BlackElo "2052"]
[PlyCount "59"]
[EventDate "2007.02.07"]

1. d4 d5 2. c4 c6 3. Nf3 Nf6 4. Nc3 e6 5. Bg5 dxc4 6. a4 Bb4 7. Qc2 Nbd7 8. e4
b5 9. e5 h6 10. Bh4 g5 11. exf6 gxh4 12. axb5 cxb5 13. Qe4 Nb6 14. Be2 Nd5 15.
O-O Bxc3 16. bxc3 Bb7 17. Ne5 Qxf6 18. Bh5 O-O 19. f4 Qg7 20. f5 exf5 21. Qxf5
Nf6 22. Bf3 Bxf3 23. Rxf3 Nh7 24. Rf4 Ng5 25. Rxh4 Qh7 26. Qf6 Qg7 27. Qc6 a6
28. Ng4 Qg6 29. Nxh6+ Kg7 30. Nf5+ 1-0

[Event "ARG SUD III Sub 20 Boys"]
[Site "Matheu, Buenos Aires"]
[Date "2007.??.??"]
[Round "?"]
[White "Cori Tello, Deysi"]
[Black "Zapata, Talia"]
[Result "1-0"]
[WhiteElo "2125"]
[BlackElo "2035"]
[PlyCount "105"]
[EventDate "2007.02.07"]

1. d4 d5 2. c4 c6 3. Nf3 Nf6 4. Nc3 a6 5. c5 Nbd7 6. h3 Qc7 7. Bg5 g6 8. e3 Bg7
9. Bf4 Qd8 10. Be2 O-O 11. O-O b6 12. cxb6 Qxb6 13. Na4 Qa7 14. Rc1 Bb7 15. Nd2
Rac8 16. Qc2 Rfe8 17. Nb3 e5 18. dxe5 Nxe5 19. Nac5 Nfd7 20. Bxe5 Nxe5 21. Na5
Ba8 22. Bxa6 Rb8 23. Nab3 Rb6 24. Be2 Nc4 25. Bxc4 dxc4 26. Qxc4 Qxa2 27. Ra1
Qxb2 28. Ra7 Rf8 29. Nd7 Qxb3 30. Qxb3 Rxb3 31. Nxf8 Bxf8 32. Rxa8 Kg7 33. Rd1
Rb7 34. Rc8 c5 35. g3 h5 36. Ra1 Be7 37. Ra6 Rd7 38. Rac6 Bd6 39. Re8 Bf8 40.
g4 hxg4 41. hxg4 Be7 42. Kg2 g5 43. Ra8 Bd6 44. Rca6 Kf6 45. R6a7 Rxa7 46. Rxa7
Ke6 47. Kf3 Bb8 48. Ra8 Be5 49. Ke4 f6 50. Ra6+ Kd7 51. Kd5 Ke7 52. Ra7+ Kf8
53. Kxc5 1-0

[Event "ARG SUD III Sub 20 Boys"]
[Site "Matheu, Buenos Aires"]
[Date "2007.??.??"]
[Round "?"]
[White "Cori Tello, Jorge"]
[Black "Borda, Alan"]
[Result "1/2-1/2"]
[WhiteElo "2213"]
[BlackElo "2044"]
[PlyCount "104"]
[EventDate "2007.02.07"]

1. e4 d5 2. exd5 Nf6 3. d4 Qxd5 4. c4 Qd8 5. Be2 Bf5 6. Nf3 e6 7. O-O Be7 8.
Nc3 c6 9. h3 O-O 10. Bf4 Nbd7 11. Qb3 Qb6 12. c5 Qxb3 13. axb3 Nd5 14. Nxd5
exd5 15. Rfe1 Rfe8 16. g4 Bg6 17. Ne5 Nxe5 18. Bxe5 Be4 19. Bf1 Bc2 20. Re2 Bd3
21. Ree1 Bxf1 22. Kxf1 a6 23. Re2 f6 24. Bf4 Kf7 25. Ra4 Bf8 26. Be3 Rad8 27.
Re1 Rd7 28. Raa1 Be7 29. Ke2 Bd8 30. Kd3 Bc7 31. Bd2 Rde7 32. Rxe7+ Rxe7 33. f3
Kg6 34. Rg1 Kf7 35. h4 g6 36. Rh1 Kg7 37. Rf1 Bg3 38. h5 g5 39. Rg1 Bc7 40. Re1
Rxe1 41. Bxe1 Kf7 42. Bd2 h6 43. Kc2 Ke6 44. Kb1 Kd7 45. Ka2 Kc8 46. Ka3 Bd8
47. f4 Bc7 48. fxg5 fxg5 49. Ka4 Kd7 50. Kb4 Ke6 51. Ka3 Ke7 52. Ka4 Ke8
1/2-1/2

[Event "ARG SUD III Sub 20 Boys"]
[Site "Matheu, Buenos Aires"]
[Date "2007.??.??"]
[Round "?"]
[White "Cori Tello, Jorge"]
[Black "Goldwaser, Christian"]
[Result "1/2-1/2"]
[WhiteElo "2213"]
[BlackElo "2374"]
[PlyCount "51"]
[EventDate "2007.02.07"]

1. e4 c5 2. Nf3 d6 3. d4 cxd4 4. Nxd4 Nf6 5. Nc3 a6 6. Be2 e5 7. Nb3 Be7 8. O-O
O-O 9. a4 b6 10. Bc4 Bb7 11. Bd5 Nxd5 12. Nxd5 Bxd5 13. Qxd5 Nd7 14. c4 Qc7 15.
Be3 Rfc8 16. Rfc1 Nf6 17. Qd3 Rab8 18. Bg5 Nh5 19. Be3 Qd8 20. Nd2 Bg5 21. g3
Bxe3 22. Qxe3 g6 23. Nf1 Ng7 24. Qd3 Ne6 25. Ne3 Nc5 26. Qc2 1/2-1/2

[Event "ARG SUD III Sub 20 Boys"]
[Site "Matheu, Buenos Aires"]
[Date "2007.??.??"]
[Round "?"]
[White "Cori Tello, Jorge"]
[Black "Perez Ponsa, Federico"]
[Result "1-0"]
[WhiteElo "2213"]
[BlackElo "2183"]
[PlyCount "83"]
[EventDate "2007.02.07"]

1. e4 c5 2. Nf3 d6 3. d4 cxd4 4. Nxd4 Nf6 5. Nc3 a6 6. Be2 e5 7. Nb3 Be7 8. O-O
O-O 9. Kh1 Be6 10. f4 Qc7 11. f5 Bc4 12. Bxc4 Qxc4 13. Qd3 Qxd3 14. cxd3 h6 15.
Be3 Nbd7 16. a4 Rfc8 17. Nd2 Nc5 18. Bxc5 Rxc5 19. Nc4 Rac8 20. a5 Rd8 21. Ne3
Nd7 22. Ncd5 Bg5 23. b4 Rb5 24. Nc4 Nf6 25. Nxf6+ gxf6 26. Rfb1 d5 27. Na3 dxe4
28. Nxb5 axb5 29. dxe4 Rd4 30. Rd1 Rxb4 31. Rd7 Be3 32. Rxb7 Bd4 33. Rc1 Ra4
34. Rxb5 Bc3 35. h3 Bxa5 36. Rc8+ Kg7 37. Ra8 Ra1+ 38. Kh2 Bc3 39. Rxa1 Bxa1
40. Rb7 h5 41. Kg3 Bd4 42. Kh4 1-0

[Event "ARG SUD III Sub 20 Boys"]
[Site "Matheu, Buenos Aires"]
[Date "2007.??.??"]
[Round "?"]
[White "Di Berardino, Diego"]
[Black "Borda, Alan"]
[Result "1-0"]
[WhiteElo "2416"]
[BlackElo "2044"]
[PlyCount "49"]
[EventDate "2007.02.07"]

1. e4 c6 2. d4 d5 3. exd5 cxd5 4. c4 Nf6 5. Nc3 e6 6. Nf3 Be7 7. cxd5 exd5 8.
Bd3 Nc6 9. h3 O-O 10. O-O Re8 11. Re1 h6 12. Bf4 a6 13. Rc1 Bb4 14. Rxe8+ Qxe8
15. Na4 Ba5 16. Qb3 b5 17. Nc5 Ne7 18. Qa3 Bb6 19. Re1 Bxc5 20. dxc5 Be6 21.
Nd4 Qc8 22. c6 Ra7 23. Nxb5 Ra8 24. Nc7 Ra7 25. Qxe7 1-0

[Event "ARG SUD III Sub 20 Boys"]
[Site "Matheu, Buenos Aires"]
[Date "2007.??.??"]
[Round "?"]
[White "Di Berardino, Diego"]
[Black "Cori Tello, Jorge"]
[Result "1/2-1/2"]
[WhiteElo "2416"]
[BlackElo "2213"]
[PlyCount "103"]
[EventDate "2007.02.07"]

1. e4 e6 2. d4 d5 3. Nc3 Bb4 4. e5 c5 5. a3 Bxc3+ 6. bxc3 Qc7 7. Qg4 f5 8. Qg3
Qf7 9. Nf3 h6 10. h4 b6 11. Bb5+ Bd7 12. Be2 Ba4 13. Ra2 Nc6 14. dxc5 bxc5 15.
Qf4 c4 16. h5 Rb8 17. Be3 Rb1+ 18. Bd1 Qb7 19. Nd2 Rb2 20. Rxb2 Qxb2 21. Qg3
Kf8 22. Qg6 Nge7 23. Bc5 Qxc3 24. Rh3 Qa1 25. Ke2 Qd4 26. Bxe7+ Nxe7 27. Qxe6
c3 28. Nb1 Bb5+ 29. Ke1 Qe4+ 30. Re3 Qxg2 31. Rxc3 Qg1+ 32. Kd2 Qg5+ 33. Ke1
Qg1+ 34. Kd2 Qxf2+ 35. Kc1 Qf4+ 36. Kb2 Qd4 37. Kc1 Bc4 38. Rf3 Qb6 39. Qd7 Bb5
40. Qd6 Kf7 41. Rb3 Qc6 42. Bf3 Rc8 43. Rc3 Bc4 44. Nd2 Qb6 45. Bxd5+ Bxd5 46.
Rxc8 Qg1+ 47. Kb2 Qd4+ 48. Rc3 Qxd2 49. Rc7 Qd4+ 50. Kb1 Qb6+ 51. Kc1 Qe3+ 52.
Kb2 1/2-1/2

[Event "ARG SUD III Sub 20 Boys"]
[Site "Matheu, Buenos Aires"]
[Date "2007.??.??"]
[Round "?"]
[White "Di Berardino, Diego"]
[Black "Fier Hilario, Alexandr"]
[Result "1-0"]
[WhiteElo "2416"]
[BlackElo "2526"]
[PlyCount "53"]
[EventDate "2007.02.07"]

1. e4 c5 2. Nc3 e6 3. Nf3 Nc6 4. d4 cxd4 5. Nxd4 a6 6. Be2 Qc7 7. O-O Nf6 8.
Kh1 d6 9. Be3 Be7 10. f4 O-O 11. Qe1 Bd7 12. Qg3 b5 13. a3 Nxd4 14. Bxd4 Bc6
15. Rae1 g6 16. Bf3 a5 17. e5 dxe5 18. fxe5 Nd7 19. Ne4 Bxe4 20. Bxe4 Rad8 21.
c3 Nc5 22. Bc2 b4 23. axb4 axb4 24. Rf3 bxc3 25. Bxc3 Na6 26. Qf4 Qb6 27. Qh6
1-0

[Event "ARG SUD III Sub 20 Boys"]
[Site "Matheu, Buenos Aires"]
[Date "2007.??.??"]
[Round "?"]
[White "Di Berardino, Diego"]
[Black "Kavalyov, Anton"]
[Result "1-0"]
[WhiteElo "2426"]
[BlackElo "2475"]
[PlyCount "87"]
[EventDate "2007.02.07"]

1. e4 c5 2. Nc3 a6 3. Nf3 d6 4. d4 cxd4 5. Nxd4 Nf6 6. Be2 e5 7. Nb3 Be7 8. O-O
O-O 9. Be3 Be6 10. a4 Nbd7 11. f4 exf4 12. Rxf4 Ne8 13. Rf1 Bg5 14. Bf2 Bf6 15.
Nd4 Ne5 16. Nf5 Bxf5 17. exf5 Nc6 18. Nd5 Bxb2 19. Rb1 Be5 20. Rxb7 Kh8 21. Qd3
Nf6 22. Bf3 Nxd5 23. Bxd5 Ne7 24. Bf3 Rc8 25. Qxa6 Nxf5 26. Be4 Nd4 27. Kh1 f5
28. Bd3 f4 29. Bxd4 Bxd4 30. Bxh7 Qh4 31. Rb3 Be3 32. Be4 d5 33. Bxd5 Rcd8 34.
Qc4 Rde8 35. Rbb1 Rf6 36. Rf3 Rh6 37. Rh3 Qg5 38. Rxh6+ Qxh6 39. a5 Bd2 40. Qb5
Qh5 41. a6 f3 42. g4 Qg6 43. a7 Rf8 44. a8=Q 1-0

[Event "ARG SUD III Sub 20 Boys"]
[Site "Matheu, Buenos Aires"]
[Date "2007.??.??"]
[Round "?"]
[White "Di Berardino, Diego"]
[Black "Lemos, Damian"]
[Result "1/2-1/2"]
[WhiteElo "2416"]
[BlackElo "2439"]
[PlyCount "66"]
[EventDate "2007.02.07"]

1. e4 c5 2. Nf3 Nc6 3. d4 cxd4 4. Nxd4 Nf6 5. Nc3 d6 6. Bg5 e6 7. Qd2 a6 8.
O-O-O h6 9. Nxc6 bxc6 10. Bf4 d5 11. Qe3 Qa5 12. Be2 dxe4 13. Qg3 Nd5 14. Nxd5
cxd5 15. Kb1 Bd7 16. f3 Bb5 17. Rhe1 Bxe2 18. Rxe2 exf3 19. gxf3 Rc8 20. Be5
Qb5 21. Re3 Rg8 22. f4 Be7 23. f5 Bg5 24. Ree1 Kd7 25. fxe6+ fxe6 26. Qf2 Ke7
27. h4 Bf6 28. Bxf6+ gxf6 29. Qf5 e5 30. Rxe5+ fxe5 31. Qxe5+ Kf7 32. Qf5+ Ke7
33. Qe5+ Kf7 1/2-1/2

[Event "ARG SUD III Sub 20 Boys"]
[Site "Matheu, Buenos Aires"]
[Date "2007.??.??"]
[Round "?"]
[White "Diamant, André"]
[Black "Cori Tello, Jorge"]
[Result "1-0"]
[WhiteElo "2426"]
[BlackElo "2213"]
[PlyCount "149"]
[EventDate "2007.02.07"]

1. e4 e6 2. d4 d5 3. Nd2 Nf6 4. e5 Nfd7 5. Ngf3 b6 6. Bd3 c5 7. Qe2 Nc6 8. c4
Nb4 9. cxd5 Nxd5 10. Nc4 b5 11. Bg5 bxc4 12. Bxd8 cxd3 13. Qxd3 c4 14. Qxc4
Bb4+ 15. Kf1 Kxd8 16. Kg1 N7b6 17. Qc1 h6 18. a3 Be7 19. h4 a5 20. Kh2 Ba6 21.
b3 Kd7 22. Qd2 Rhc8 23. Rhc1 Rxc1 24. Qxc1 Rc8 25. Qb2 Nf4 26. Qd2 Nfd5 27.
Qxa5 Be2 28. Ra2 Ra8 29. Qxa8 Nxa8 30. Rxe2 Nab6 31. a4 Bb4 32. Rc2 Bc3 33. Kg1
Nc8 34. Kf1 Na7 35. g3 Nc6 36. Rc1 Na5 37. Rb1 Bb4 38. Ne1 Bc3 39. Nc2 Nc6 40.
Rd1 Na5 41. Rd3 Kc6 42. Ne3 Bb4 43. Nc4 f5 44. exf6 gxf6 45. Rf3 h5 46. Nxa5+
Bxa5 47. Ke2 f5 48. Rd3 Nc3+ 49. Kf3 Kd5 50. Kf4 Ne4 51. Kf3 Nc3 52. Rd2 Ne4
53. Rd1 Nc3 54. Ra1 Kxd4 55. Kf4 Ne4 56. Rd1+ Kc3 57. Ke5 Nxf2 58. Rc1+ Kxb3
59. Kxe6 Ne4 60. Rg1 Bc7 61. a5 Kc4 62. Ra1 Nc3 63. a6 Bb6 64. Kxf5 Kd3 65. Kg6
Ne2 66. Rb1 Bf2 67. Kxh5 Nxg3+ 68. Kg6 Ne2 69. h5 Nf4+ 70. Kg5 Ne6+ 71. Kf5 Nc7
72. h6 Kc2 73. h7 Kxb1 74. h8=Q Nxa6 75. Qh1+ 1-0

[Event "ARG SUD III Sub 20 Boys"]
[Site "Matheu, Buenos Aires"]
[Date "2007.??.??"]
[Round "?"]
[White "Diamant, André"]
[Black "Fier Hilario, Alexandr"]
[Result "1/2-1/2"]
[WhiteElo "2426"]
[BlackElo "2526"]
[PlyCount "46"]
[EventDate "2007.02.07"]

1. e4 c5 2. Nf3 d6 3. Nc3 Nc6 4. Bb5 Bd7 5. O-O Nf6 6. Re1 a6 7. Bxc6 Bxc6 8.
d4 cxd4 9. Nxd4 e5 10. Nxc6 bxc6 11. b3 Be7 12. Ba3 O-O 13. Qf3 Qa5 14. Na4
Rfe8 15. c4 Rad8 16. Qc3 Qxc3 17. Nxc3 d5 18. Bxe7 Rxe7 19. exd5 cxd5 20. Nxd5
Nxd5 21. Rad1 Red7 22. Rxd5 Rxd5 23. cxd5 Rxd5 1/2-1/2

[Event "ARG SUD III Sub 20 Boys"]
[Site "Matheu, Buenos Aires"]
[Date "2007.??.??"]
[Round "?"]
[White "Diamant, André"]
[Black "Goldwaser, Christian"]
[Result "1-0"]
[WhiteElo "2426"]
[BlackElo "2374"]
[PlyCount "80"]
[EventDate "2007.02.07"]

1. e4 c5 2. Nf3 d6 3. d4 cxd4 4. Nxd4 Nf6 5. Nc3 a6 6. Bg5 e6 7. f4 Nbd7 8. Qf3
h6 9. Bh4 e5 10. Nf5 exf4 11. Bxf6 Nxf6 12. O-O-O Qa5 13. Bc4 Qc5 14. Bb3 g6
15. Nd5 Nxd5 16. Rxd5 Qc7 17. Re1 gxf5 18. exf5+ Kd8 19. Qxf4 Bd7 20. Rd3 Qa5
21. Qh4+ Kc7 22. Rc3+ Bc6 23. Qf6 Rh7 24. Bxf7 Rd8 25. Be8 Bg7 26. Re7+ Kb8 27.
Rxg7 Rxg7 28. Bxc6 Rdg8 29. Qxd6+ Ka8 30. Bf3 Rd8 31. Qc5 Qa4 32. Ra3 Qf4+ 33.
Qe3 Qd6 34. Rd3 Qf6 35. Rxd8+ Qxd8 36. Qxh6 Qd4 37. Qxa6+ Kb8 38. Qd3 Qg1+ 39.
Qd1 Qxh2 40. Qd8+ Ka7 1-0

[Event "ARG SUD III Sub 20 Boys"]
[Site "Matheu, Buenos Aires"]
[Date "2007.??.??"]
[Round "?"]
[White "Fernandez, Maria Florencia"]
[Black "Cori Tello, Deysi"]
[Result "1/2-1/2"]
[WhiteElo "2022"]
[BlackElo "2125"]
[PlyCount "129"]
[EventDate "2007.02.07"]

1. d4 Nf6 2. c4 g6 3. Nc3 Bg7 4. e4 d6 5. Nf3 O-O 6. Be2 e5 7. dxe5 dxe5 8. Bg5
Nbd7 9. O-O c6 10. b4 Re8 11. c5 Qc7 12. Nd2 Nf8 13. Nc4 Ne6 14. Bxf6 Bxf6 15.
Qd6 Qe7 16. Rad1 Bg7 17. Qxe7 Rxe7 18. Nd6 Nd4 19. Bc4 Be6 20. Bxe6 Nxe6 21. a4
a5 22. Rb1 axb4 23. Rxb4 Nxc5 24. Rfb1 Rd8 25. Nxb7 Nxb7 26. Rxb7 Rxb7 27. Rxb7
Rd3 28. Rb3 c5 29. Kf1 Bf8 30. Ke2 c4 31. a5 Bh6 32. Rb8+ Kg7 33. a6 Rd2+ 34.
Kf1 Rd7 35. Nb5 Rd1+ 36. Ke2 Rd2+ 37. Ke1 Ra2 38. a7 c3 39. Rc8 Bg5 40. h4 Bf4
41. g3 Bh6 42. f4 Ra1+ 43. Ke2 exf4 44. a8=Q Rxa8 45. Rxa8 c2 46. Rc8 c1=Q 47.
Rxc1 f3+ 48. Kxf3 Bxc1 49. e5 Kf8 50. Ke4 h5 51. Kd5 Ke7 52. Nd4 Be3 53. Ne2
Bd2 54. Nd4 Be1 55. Ne2 Bd2 56. Nd4 Be1 57. Ne2 Bd2 58. Nd4 Be1 59. Ne2 Kd7 60.
Ke4 Ke6 61. Nd4+ Kd7 62. Ne2 Ke7 63. Kd5 Bd2 64. Nd4 Be1 65. Ne2 1/2-1/2

[Event "ARG SUD III Sub 20 Boys"]
[Site "Matheu, Buenos Aires"]
[Date "2007.02.06"]
[Round "?"]
[White "Fernandez, Maria Florencia"]
[Black "Vargas Talavera, Gabriela"]
[Result "0-1"]
[WhiteElo "2022"]
[BlackElo "2077"]
[PlyCount "116"]
[EventDate "2007.02.07"]

1. d4 d5 2. c4 e6 3. Nc3 Nf6 4. Nf3 c6 5. Bg5 dxc4 6. a4 Bb4 7. Qc2 Nbd7 8. e4
Qa5 9. Bd2 b5 10. Be2 Bb7 11. O-O Bxc3 12. bxc3 Qc7 13. e5 Nd5 14. Ng5 h6 15.
Nxe6 fxe6 16. Qg6+ Kd8 17. Qxg7 Re8 18. Bh5 Nf8 19. Qxh6 Qh7 20. Qxh7 Nxh7 21.
Bxe8 Kxe8 22. f4 Ne7 23. g4 Kf7 24. h4 Rg8 25. g5 a6 26. h5 Nf5 27. g6+ Ke8 28.
Kf2 Nf8 29. Rh1 c5 30. Rh3 Nxg6 31. hxg6 Rxg6 32. Rg1 Rxg1 33. Kxg1 cxd4 34.
axb5 axb5 35. Rh7 Bd5 36. Ra7 dxc3 37. Bxc3 Ng3 38. Ra2 Ne4 39. Bb4 Kd7 40. Rc2
Kc6 41. Kf1 Nc5 42. Ke2 Nd3 43. Bc3 Nxf4+ 44. Ke3 Nd3 45. Rh2 b4 46. Bxb4 Nxb4
47. Kd4 Na6 48. Rb2 Nc7 49. Rb8 Nb5+ 50. Ke3 Kc5 51. Kd2 Kb4 52. Rb6 c3+ 53.
Kc2 Kc5 54. Rb8 Be4+ 55. Kc1 Nd4 56. Rc8+ Kb4 57. Rb8+ Kc4 58. Rh8 Nb3+ 0-1

[Event "ARG SUD III Sub 20 Boys"]
[Site "Matheu, Buenos Aires"]
[Date "2007.??.??"]
[Round "?"]
[White "Fernandez, Maria Florencia"]
[Black "Yanigro, Micaela"]
[Result "1/2-1/2"]
[WhiteElo "2022"]
[BlackElo "1980"]
[PlyCount "28"]
[EventDate "2007.02.07"]

1. d4 d5 2. c4 e6 3. Nc3 Nf6 4. Nf3 c6 5. Bg5 Nbd7 6. e3 Qa5 7. Qc2 Ne4 8. cxd5
exd5 9. Bd3 Nxg5 10. Nxg5 h6 11. Nf3 Bb4 12. O-O Bxc3 13. bxc3 O-O 14. c4 Nf6
1/2-1/2